000 00705nam a2200253Ia 4500
003 OSt
005 20220918164806.0
006 a|||||r|||| 00| 0
007 ta
008 220917b |||||||| |||| 00| 0 eng d
020 _a0761933948 (hb)
024 _a230,701
037 _cTextual
040 _aARTS
_cARTS
_beng
041 _2eng
_aeng
082 _aY720aZv2, P6-;1
100 _aDhagamwar Vasubha
_920824
245 0 _aRole and image of law in India
_b the tribal experience
260 _aNew Delhi
_bSage Publications
_c2006
300 _a414p.
_ccm.
650 _aSOCIOLOGY
942 _hY720aZv2, P6-;1
_cTEXL
_2CC
999 _c126642
_d126642